|
|
|
แสดงรายละเอียดบรรณานุกรม |
|
|
Brief Record
: Get Marc (ISO 2709)
: E-mail record
: |
|
|
| LEADER 00000nam 2200000uu 4500 | |||
| 001 50325 | |||
| 003 ULIBM | |||
| 008 170720s||||||||th 000 0 tha d | |||
| 020 ^a 978 616 236 848 6 | |||
| 082 0 ^a 300.76 ^b ว - ส | |||
| 100 0 ^a วรวิทย์ จันทร์วงษ์ | |||
| 245 00 ^a สรุปเข้ม สังคมศึกษา ศาสนา และวัฒนธรรม ม.1-2-3 /^c วรวิทย์ จันทร์วงษ์, ประสันตา โสมอินทร์ | |||
| 250 ^a พิมพ์ครั้งที่ 1 | |||
| 260 ^a กรุงเทพฯ : ^b ธิงค์ บียอนด์ บุ๊คส์, 2559 | |||
| 300 ^a 288 หน้า 199 บาท | |||
| 700 0 ^a ประสันตา โสมอินทร์ | |||
| 999 ^aลภัสรดา แสงบุญเรือง | |||
| คุณยังไม่ได้ล็อกอิน คุณสามารถมีกิจกรรมร่วมกับเว็บไซต์ได้ แต่ต้องล็อกอินก่อน :: |
|
| สถานะ | |||||||||
| 1. | หนังสือ | 300.76 ว - ส Barcode: 082614 | ►หนังสือทั่วไป | On Shelf ขอยืม | |||||
| 2. | หนังสือ | 300.76 ว - ส ฉ.2 Barcode: 083674 | ►หนังสือทั่วไป | On Shelf ขอยืม | |||||
| 3. | หนังสือ | 300.76 ว - ส ฉ.3 Barcode: 083675 | ►หนังสือทั่วไป | On Shelf ขอยืม | |||||
| [แสดง 3/3 รายการ] | |||||||||

BibComment |
| คอมเมนท์ทรัพยากรรายการนี้ |
|
|
ห้องสมุดโรงเรียนสามัคคีวิทยาคม
159 ถ.บรรพปราการ ต.เวียง อ.เมือง จ.เชียงราย 57000
โทร. 053-711018 โทรสาร 053-713003